|
|
|
|
| LEADER |
00000nab a2200000 a 4500 |
| 001 |
vtls011125681 |
| 003 |
SK-MaSNL |
| 005 |
20260304224754.0 |
| 008 |
230222|1973 xo |||||||||||||||||slo| |
| 015 |
|
|
|a SNBRB
|
| 035 |
|
|
|a (uuid)3909018c-ba79-41cf-a56a-cb01aff21ff2
|
| 035 |
|
|
|a (urnnbn)urn:nbn:sk:snk:ar-a09a0k
|
| 035 |
|
|
|a urn:nbn:sk:snk-aba2n2
|
| 040 |
|
|
|a SNKBUCL
|b slo
|c SNKBUCL
|e AACR2
|
| 041 |
0 |
|
|a slo
|
| 044 |
|
|
|a xo
|c SK
|
| 100 |
1 |
|
|a Melcerová, Anna,
|d 1928-1997
|4 aut
|9 170721
|
| 245 |
1 |
0 |
|a ŠTÚDIUM CHEMICKÝCH ZMIEN KOMPONENTOV TOPOĽOVÉHO DREVA (Populus tremula L.) PRI JEHO HYDROTERMICKOM SPRACOVANÍ
|c Anna Melcerová, Imrich Melcer, Valéria Tominová
|
| 700 |
1 |
|
|a Melcer, Imrich,
|d 1927-1997
|4 aut
|9 170718
|
| 700 |
1 |
|
|a Tominová, Valéria
|4 aut
|9 1560269
|
| 773 |
0 |
|
|t Zborník vedeckých prác Drevárskej fakulty Vysokej školy lesníckej a drevárskej vo Zvolene
|g Č. 1 (1973), s. 123-167
|
| 954 |
|
|
|a odborná, vedecká literatúra pôvodná (slovenská)
|2 lita
|
| 958 |
|
|
|a OND
|
| 958 |
|
|
|a EUIPO
|
| 958 |
|
|
|a article13
|
| 999 |
|
|
|c 3174085
|d 3176015
|